| 000 | 00530nam a2200145 i 4500 | ||
|---|---|---|---|
| 001 | 42950 | ||
| 003 | ES-MaACL | ||
| 007 | t| | ||
| 008 | 030314s1981 sp ||||1| spa d | ||
| 110 | 2 |
_aEspaña. _bCentro Nacional de Microfilm. _93627 |
|
| 245 | 1 | 0 |
_aInventario de códices y documentos microfilmados (1975-1979) / _cCentro Nacional de Microfilm. |
| 260 |
_a[S.l. : _bMinisterio de Cultura, Dirección General de Bellas Artes, Archivos y Bibliotecas, _c1981] |
||
| 300 |
_a94 p. ; _c21 cm. |
||
| 852 |
_aES-MaACL _jL-980 _bR.101846 |
||
| 999 |
_c42950 _d42950 |
||